[Event "Oberliga Nord W 0506"]
[Site "Germany"]
[Date "2005.11.27"]
[Round "3.7"]
[White "Franke, Thomas"]
[Black "Stotyn, Fabian"]
[Result "1-0"]
[WhiteElo "2197"]
[BlackElo "2199"]
[PlyCount "131"]
[EventDate "2005.10.23"]
[EventType "team-tourn"]
[EventRounds "9"]
[EventCountry "GER"]
[SourceTitle "CBM 111 Extra"]
[Source "ChessBase"]
[SourceDate "2006.05.09"]
[SourceVersion "1"]
[SourceVersionDate "2006.05.09"]
[SourceQuality "1"]
[WhiteTeam "Uelzen Post"]
[BlackTeam "Nordhorn Blanke"]
[WhiteTeamCountry "GER"]
[BlackTeamCountry "GER"]

1. g3 d5 2. Bg2 Nf6 3. c4 c6 4. Nf3 e6 5. b3 Bd6 6. Bb2 Nbd7 7. 0-0 Qe7 8. Nc3 a6 9. cxd5 cxd5 10. Nd4 Nb6 11. Nc2 e5 12. d4 e4 13. a4 Bf5 14. Ne3 Be6 15. f3 exf3 16. exf3 0-0 17. a5 Nc8 18. Qd3 Qd8 19. f4 Ne7 20. f5 Bd7 21. Rf2 Bc6 22. Ba3 Bxa3 23. Rxa3 Qd6 24. Raa2 Rfd8 25. Nf1 Ne4 26. Rf4 Qb4 27. Ne2 Rac8 28. Qe3 Rc7 29. g4 Nc8 30. Nfg3 Nxg3 31. Nxg3 Re7 32. Qf2 Qxb3 33. h4 Qe3 34. f6 gxf6 35. Nh5 Qxf2+ 36. Raxf2 Na7 37. Rxf6 Nb5 38. Rh6 Re1+ 39. Kh2 Nxd4 40. Nf6+ Kf8 41. Rxh7 Ke7 42. Nh5 Ne6 43. Ng3 Kd6 44. Rhxf7 d4 45. g5 Rh8 46. Nf5+ Ke5 47. Kg3 Rd8 48. Bxc6 bxc6 49. Ne7 Ke4 50. R7f6 Rd6 51. Nc8 Re3+ 52. Kg2 Rd8 53. Rxe6+ Kd3 54. Rxc6 Re2 55. Nb6 Rde8 56. Rcf6 R8e4 57. Rxe2 Rxe2+ 58. Kg3 Re5 59. g6 Re1 60. Nd5 Kc4 61. Nf4 Rg1+ 62. Ng2 d3 63. Rd6 Kc3 64. g7 d2 65. Rxd2 Kxd2 66. g8Q 1-0